00238nam a2200097Ia 4500100001600000654002900016245004200045260003400087300000700121546001200128 aMody/S. M.  aTotal Quality Management aTotal Quality Management & Purchasing bNational CentreaBombayc1991 a24 aENGLISH